Reforming the Russian Budget System : A Move to More Devolved Budget Management? /

The Russian federal government has recently initiated a fundamental reform of its budget system, encompassing important policy, procedural, and institutional changes. This paper reviews this reform agenda with reference to the experience of industrial countries that over the past two to three decade...

Ausführliche Beschreibung

Bibliographische Detailangaben
1. Verfasser: Diamond, Jack
Format: Zeitschrift
Sprache:English
Veröffentlicht: Washington, D.C. : International Monetary Fund, 2005.
Schriftenreihe:IMF Working Papers; Working Paper ; No. 2005/104
Online Zugang:Full text available on IMF
LEADER 02230cas a2200241 a 4500
001 AALejournalIMF003446
008 230101c9999 xx r poo 0 0eng d
020 |c 5.00 USD 
020 |z 9781451861235 
022 |a 1018-5941 
040 |a BD-DhAAL  |c BD-DhAAL 
100 1 |a Diamond, Jack. 
245 1 0 |a Reforming the Russian Budget System :   |b A Move to More Devolved Budget Management? /  |c Jack Diamond. 
264 1 |a Washington, D.C. :  |b International Monetary Fund,  |c 2005. 
300 |a 1 online resource (25 pages) 
490 1 |a IMF Working Papers 
500 |a <strong>Off-Campus Access:</strong> No User ID or Password Required 
500 |a <strong>On-Campus Access:</strong> No User ID or Password Required 
506 |a Electronic access restricted to authorized BRAC University faculty, staff and students 
520 3 |a The Russian federal government has recently initiated a fundamental reform of its budget system, encompassing important policy, procedural, and institutional changes. This paper reviews this reform agenda with reference to the experience of industrial countries that over the past two to three decades have followed a similar reform path toward a more devolved budget management system. From this perspective, the importance of the strength of existing public expenditure management systems to accommodate increased devolution and the scope for employing decentralized agencies is explored. An assessment of the present Russian reform plans in light of this review reveals a number of concerns. First, the speed of the reforms contemplated appears overly ambitious when judged by the experience of other countries. Second, the preparedness of budget institutions is questionable. Third, change management capacity needs strengthening with a more carefully defined strategy. Last, in light of these concerns, it is argued that the scope and "big-bang" approach of the current reform plans may need reformulation into a more sequenced strategy with clearer reform priorities. 
538 |a Mode of access: Internet 
830 0 |a IMF Working Papers; Working Paper ;  |v No. 2005/104 
856 4 0 |z Full text available on IMF  |u http://elibrary.imf.org/view/journals/001/2005/104/001.2005.issue-104-en.xml  |z IMF e-Library